000 00982nam a2200241 a 4500
001 39187
005 20180714012652.0
008 140415s2000 mx 000 0 spa d
020 _a9706135626
041 _aspa
082 _a658.4063
_bCOR
100 1 _aCORTADA, JAMES W.
245 1 3 _aLA ERA DEL TRABAJO EN REDES :
_bCOMO LO HACEN IBME Y OTRAS COMPAÑIAS
250 _a1a ed.
260 _aMEXICO :
_bOXFORD UNIVERSITY PRESS MEXICO,
_c2000
300 _a224
_cx 16.5 x 24
520 _aESTE EQUIPO DE IBM, FORMADO POR CONSULTORES EXPERTOS Y GERENTES EN FUNCIONES, PRESENTA UN TESORO DE EXPERIENCIAS UTILES PARA GUIAR A LOS GERENTES EN EL TRANSITO DE SUS COMPAÑIAS HACIA LA ERA DE LA INFORMACION
650 1 4 _aADMINISTRACION POR OBJETIVOS
_xCOMPUTADORAS EN LA INDUSTRIA
_xREINGENIERIA
700 1 _aMARTÍNEZ VALDÉS, FERNANDO
_etr.
700 1 _aALBRECHT, MICHAEL
_epról.
740 _aINTO THE NETWORKED AGE
700 1 _aHARGRAVES, THOMAS S.
_ecoaut.
999 _c39187
_d39187